| 000 -LEADER |
| fixed length control field |
01372cam a2200265 a 4500 |
| 020 ## - INTERNATIONAL STANDARD BOOK NUMBER |
| ISBN |
285654150X (v. 169) |
| 040 ## - CATALOGING SOURCE |
| Transcribing agency |
DLC |
| 082 00 - DEWEY DECIMAL CLASSIFICATION NUMBER |
| Classification number |
581 IME 2001 A062 Or. |
| 245 00 - TITLE STATEMENT |
| Title |
Flore de Madagascar et des Comores : |
| Remainder of title |
plantes vasculaires / |
| 260 ## - PUBLICATION, DISTRIBUTION, ETC. (IMPRINT) |
| Place of publication |
Tananarive : |
| Name of publisher |
Impr. officielle, |
| Year of publication |
1936-<2001 > |
| 300 ## - PHYSICAL DESCRIPTION |
| Number of Pages |
: |
| Other physical details |
ill. (some col.) ; |
| Dimensions |
26 cm. |
| 500 ## - GENERAL NOTE |
| General note |
Cover title. |
| 500 ## - GENERAL NOTE |
| General note |
Vols. <23, 29, 40, 49 > have title: Flore de Madagascar. |
| 500 ## - GENERAL NOTE |
| General note |
Vols. <13, 17-18, 31, 61, 84-87, 144, 162-164, 167, 169, 179-180, 187-188 > issued under the editorial direction of Jean-François Leroy. |
| 500 ## - GENERAL NOTE |
| General note |
Vols. published in the period <1950 >-1962 have imprint: Paris : Typ. Firmin-Didot. |
| 500 ## - GENERAL NOTE |
| General note |
Vols. published in the period 1963-<1984 > have imprint: Paris : Muséum national d'histoire naturelle, Laboratoire de phanérogamie. |
| 650 #0 - SUBJECT ADDED ENTRY--TOPICAL TERM |
| Topical Term |
Plants |
| 650 #0 - SUBJECT ADDED ENTRY--TOPICAL TERM |
| Topical Term |
Plants |
| 650 #0 - SUBJECT ADDED ENTRY--TOPICAL TERM |
| Topical Term |
Plants |
| 650 #0 - SUBJECT ADDED ENTRY--TOPICAL TERM |
| Topical Term |
Plants |
| 700 1# - ADDED ENTRY--PERSONAL NAME |
| Personal name |
Humbert, H. |
| 700 1# - ADDED ENTRY--PERSONAL NAME |
| Personal name |
Leroy, Jean-F. |
| 710 2# - ADDED ENTRY--CORPORATE NAME |
| Corporate name or jurisdiction name as entry element |
Laboratoire de phanérogamie (Muséum national d'histoire naturelle) |
| 942 ## - ADDED ENTRY ELEMENTS (KOHA) |
| Koha item type |
សៀវភៅភាសាអង់គ្លេស |
| 952 ## - LOCATION AND ITEM INFORMATION (KOHA) |
| Withdrawn status [LOCAL, KOHA] |
0 |